Bytový dom

Saved in:
Bibliographic Details
Main Author: Kolenčíková, Soňa, 1988- (Author)
Other Authors: Búciová, Mária, 1945- (Thesis advisor)
Format: Manuscript Book
Language:English
Published: Bratislava : STU v Bratislave SvF, 2010
Subjects:
Online Access:VAIS
Tags: Add Tag
No Tags, Be the first to tag this record!

MARC

LEADER 00000ntm a22000003a 4500
001 stu221354
005 20160721135524.9
008 110215s2010----xo------------------eng-d
040 |a STU  |b slo 
041 0 |a eng 
044 |a xo 
100 1 |a Kolenčíková, Soňa,  |d 1988-  |4 aut  |X 49460  |7 A000049460 
242 0 0 |a The appartment building  |y eng 
245 1 |a Bytový dom 
260 |a Bratislava :  |b STU v Bratislave SvF,  |c 2010 
650 7 |a technológie a manažérstvo stavieb  |2 stusub 
650 7 |a Building Technologies and Management  |2 estusub 
650 7 |a časové plánovanie  |2 stusub 
650 7 |a realizácia  |2 stusub 
650 7 |a bytový dom  |2 stusub 
700 1 |a Búciová, Mária,  |d 1945-  |4 ths  |u V270  |U SvF Stavebná fakulta  |T SvF Katedra technológie stavieb  |X 1005  |U V270  |Y 28  |7 A000001005 
856 4 |a info a plný text  |u http://is.stuba.sk/zp/portal_zp.pl?podrobnosti=48168  |3 VAIS